000 01308nam a2200325Ia 4500
001 ebr10726747
003 CaPaEBR
006 m o u
007 cr cn|||||||||
008 130321s2013 nju s 001 0 eng d
010 _z 2013010132
020 _z9781118488768 (pbk.)
020 _z9781118711200 (ebook)
040 _aCaPaEBR
_cCaPaEBR
035 _a(OCoLC)859207779
050 1 4 _aHF5415.1265
_b.S393 2013eb
082 0 4 _a658.8/72
_223
100 1 _aScott, David Meerman.
245 1 4 _aThe new rules of marketing & PR
_h[electronic resource] :
_bhow to use social media, online video, mobile applications, blogs, news releases, and viral marketing to reach buyers directly /
_cDavid Meerman Scott.
250 _a4th ed.
260 _aHoboken, NJ :
_bJohn Wiley & Sons, Inc.,
_cc2013.
300 _axxiii, 439 p.
500 _aIncludes index.
533 _aElectronic reproduction.
_bPalo Alto, Calif. :
_cebrary,
_d2013.
_nAvailable via World Wide Web.
_nAccess may be limited to ebrary affiliated libraries.
650 0 _aInternet marketing.
650 0 _aPublic relations.
655 7 _aElectronic books.
_2local
710 2 _aebrary, Inc.
856 4 0 _uhttp://site.ebrary.com/lib/rucke/Doc?id=10726747
_zAn electronic book accessible through the World Wide Web; click to view
999 _c153161
_d153161